ბათუმის შოთა რუსთაველის სახელმწიფო უნივერსიტეტის ბიბლიოთეკა

შალვა ამირანაშვილი (1899-1975) : (ბიბ.ჩანაწერი № 60315)

000 -ლიდერი
ფიქსირებული სიგრძის საკონტროლო ველი 02374nam a22003017a 4500
003 - საკონტროლო ნომრის იდენტიფიკატორი
საკონტროლო ველი Ge_BSU
005 - ბოლო ოპერაციის თარიღი და დრო
საკონტროლო ველი 20230628152308.0
008 - ფიქსირებული სიგრძის მონაცემთა ელემენტები - ზოგადი ინფორმაცია
ფიქსირებული სიგრძის საკონტროლო ველი 230628s2014 ge ||||| |||| 00| 0 geo d
020 ## - წიგნის საერთაშორისო სტანდარტული ნომერი
International Standard Book Number 9789941133800
041 ## - ენის კოდი
Language code of text/sound track or separate title geo
080 ## - უნივერსალური ათობითი კლასიფიკაციის ინდექსი
Universal Decimal Classification number 016:7.072 დ-88
100 ## - მთავარი ჩანაწერი - პიროვნების სახელი
Personal name დუდუჩავა, ია
Relator term შემდგენელი
9 (RLIN) 19033
245 ## - ცნობა სათაურის შესახებ
Title შალვა ამირანაშვილი (1899-1975) :
Remainder of title ბიობიბლიოგრაფია /
Statement of responsibility, etc ივანე ჯავახიშვილის სახ. თსუ-ს ეროვნ. სამეცნიერო ბიბ-კა ; შემდგ.: ია დუდუჩავა, ციური კვაჭაძე ; რედ.: მამუკა ბერძენიშვილი, ირაკლი ღარიბაშვილი ; ბიბლ. რედ. ნანა ბაღათურია.
264 ## - წარმოების, გამოცემის, დისტრიბუციის და სხვა ცნობები
გამოცემის, წარმოების, დისტრიბუციის... ადგილი თბილისი :
გამოცემის, წარმოების, დისტრიბუციის... სახელწოდება თბილ. უნ-ტის გამ-ბა და სტ.,
გამოცემის, წარმოების, დისტრიბუციის... თარიღი 2014.
300 ## - ფიზიკური აღწერა
Extent 94 გვ. ;
Other physical details 20 სმ.
490 ## - სერიის ცნობა
Series statement ბიობიბლიოგრაფიული სერია "ქართველი მეცნიერები"
500 ## - ზოგადი შენიშვნა
General note პარალელური თავფურცელი ინგლისურ ენაზე.
653 ## - INDEX TERM--UNCONTROLLED
Uncontrolled term ამირანაშვილი, შალვა, 1889-1975.
653 ## - INDEX TERM--UNCONTROLLED
Uncontrolled term ხელოვნებათმცოდნეობა -- ბიბლიოგრაფია.
653 ## - INDEX TERM--UNCONTROLLED
Uncontrolled term ქართველი ხელოვნებათმცოდნეები -- ბიობიბლიოგრაფია.
700 ## - ADDED ENTRY--PERSONAL NAME
Personal name დუდუჩავა, ია
Relator term შემდგენელი
9 (RLIN) 19033
700 ## - ADDED ENTRY--PERSONAL NAME
Personal name კვაჭაძე, ციური
Relator term რედაქტორი
9 (RLIN) 19035
700 ## - ADDED ENTRY--PERSONAL NAME
Personal name ბერძენიშვილი, მამუკა
Relator term რედაქტორი
9 (RLIN) 19037
700 ## - ADDED ENTRY--PERSONAL NAME
Personal name ღარიბაშვილი, ირაკლი
Relator term რედაქტორი
9 (RLIN) 18116
700 ## - ADDED ENTRY--PERSONAL NAME
Personal name ბაღათურია, ნანა
Relator term ბიბლიოგრაფიული რედაქტორი
9 (RLIN) 19039
710 ## - ADDED ENTRY--CORPORATE NAME
Corporate name or jurisdiction name as entry element ივანე ჯავახიშვილის სახ. თსუ-ს ეროვნ. სამეცნიერო ბიბ-კა
9 (RLIN) 19041
942 ## - ADDED ENTRY ELEMENTS (KOHA)
Source of classification or shelving scheme
Koha item type წიგნი

არაა ხელმისაწვდომი ეგზემპლარები.